Guía de Zaragoza y su provincia para 1896 á 1897 / (Record no. 156466)

MARC details
000 -LEADER
campo de control de longitud fija 00700nam a22001815i 4500
001 - NÚMERO DE CONTROL
campo de control 156466
003 - IDENTIFICADOR DE NÚMERO DE CONTROL
campo de control ES-MaACL
005 - FECHA Y HORA DE LA ÚLTIMA TRANSACCIÓN
campo de control 20230906210421.0
008 - DATOS DE LONGITUD FIJA--INFORMACIÓN GENERAL
campo de control de longitud fija 000802s1896 sp |||| | spa d
040 ## - FUENTE DE CATALOGACIÓN
Centro catalogador/agencia de origen AR
Lengua de catalogación spa
Centro/agencia transcriptor AR
100 1# - ENTRADA PRINCIPAL--NOMBRE DE PERSONA
Nombre de persona Joven Gascón, Manuel.
9 (RLIN) 128376
245 10 - MENCIÓN DEL TÍTULO
Título Guía de Zaragoza y su provincia para 1896 á 1897 /
Mención de responsabilidad, etc. por Manuel Joven Gascón.
260 ## - PUBLICACIÓN, DISTRIBUCIÓN, ETC.
Lugar de publicación, distribución, etc. Zaragoza :
Nombre del editor, distribuidor, etc. [s.n.],
Fecha de publicación, distribución, etc. 1896 (
Fabricante Tipografía "La Derecha")
300 ## - DESCRIPCIÓN FÍSICA
Extensión 608 p ;
Dimensiones 17 cm.
594 #1 - Nota al título y mención de responsabilidad
Nota al título y mención de responsabilidad Precede al tít. : Duodécimo año de publicación.
651 #4 - PUNTO DE ACCESO ADICIONAL DE MATERIA--NOMBRE GEOGRÁFICO
Nombre geográfico Zaragoza (Provincia)-
Subdivisión general Descripción.
9 (RLIN) 153458
852 ## - LOCALIZACIÓN
Ubicación ES-MaACL
Número de control de estantería T-751-F-3
Nota libre -- Enc. hol., conservando la enc. editorial
-- -- Enc. en un vol. facticio
Holdings
Estatus retirado Estado de pérdida Estado de daño No para préstamo Colección Biblioteca de origen Biblioteca actual Ubicación en estantería Fecha de adquisición Total de préstamos Signatura topográfica completa Código de barras Visto por última vez Precio de reemplazo Tipo de ítem Koha
        Colección de folletos Biblioteca del Ateneo de Madrid Biblioteca del Ateneo de Madrid Depósito folletos 17/01/2008   T-751-F-3 1163698 23/02/2023 23/02/2023 Folleto